Musicians Who Have Won an Oscar - Statistics

General Stats
  • This quiz has been taken 77 times
  • The average score is 6 of 22
Answer Stats
Year Category Musician % Correct
2019 Best Original Song Lady Gaga
68%
1995 / 2020 Best Original Song / Best Original Song Elton John
67%
1988 Best Actress Cher
63%
1969 / 1977 Best Actress / Best Original Song Barbra Streisand
56%
2013 Best Original Song Adele
48%
1994 Best Original Song Bruce Springsteen
37%
2003 Best Original Song Eminem
35%
2007 Best Supporting Actress Jennifer Hudson
33%
2016 Best Original Song Sam Smith
30%
2000 Best Original Song Phil Collins
25%
2001 Best Original Song Bob Dylan
24%
1964 / 1971 Best Supporting Actor / Jean Hersholt Humanitarian Award Frank Sinatra
24%
2015 Best Original Song John Legend
19%
2014 Best Supporting Actor Jared Leto
17%
1989 Best Original Song Carly Simon
16%
1985 / 1985 Best Original Score / Best Original Song Score Prince
16%
2015 Best Original Song Common
13%
2002 / 2011 Best Original Song / Best Original Song Randy Newman
11%
2004 Best Original Song Annie Lennox
10%
1986 Best Original Song Lionel Richie
10%
1985 Best Original Song Stevie Wonder
10%
2007 Best Original Song Melissa Etheridge
5%
No matching quizzes found
Score Distribution
Percent of People with Each Score
Percentile by Number Answered
Your Score History
You have not taken this quiz